| 000 | 00395nam a2200169Ia 4500 | ||
|---|---|---|---|
| 005 | 20251020182524.0 | ||
| 008 | 200515s9999 xx 000 0 und d | ||
| 082 | _a691.327/R54/1991 | ||
| 100 | _aRICHARDSON, J.G. | ||
| 245 | 0 | _aProductos prefabricados de concreto | |
| 260 | _aMéxico D.F. | ||
| 260 | _c1991 | ||
| 500 | _a1 ejemplar | ||
| 650 | _aCONCRETO | ||
| 650 | _aLIB | ||
| 942 | _cLIB | ||
| 999 |
_c1848 _d1848 |
||